|
|
|
|
| LEADER |
00000nab a2200000 a 4500 |
| 001 |
vtls000219968 |
| 003 |
SK-MaSNL |
| 005 |
20260304075205.0 |
| 008 |
250422c1985 xo 0 slo |
| 015 |
|
|
|a SNBRB19rr/mm-uuuuu
|
| 035 |
|
|
|a CL0230082
|
| 035 |
|
|
|a urn:nbn:sk:snk-abel5t
|
| 035 |
|
|
|a (urnnbn)urn:nbn:sk:snk:ar-006xrq
|
| 035 |
|
|
|a (uuid)a425ced3-7fbb-4b01-9768-ffefffa3a054
|
| 040 |
|
|
|a SNKBUCL
|b slo
|c SNKBUCL
|e AACR2
|
| 041 |
0 |
|
|a slo
|
| 044 |
|
|
|a xo
|c SK
|
| 080 |
|
|
|a 639.111.2:502.743
|2 1981
|
| 080 |
|
|
|a 502.743
|2 1981
|
| 100 |
1 |
|
|a Zelina, Vojtech
|4 aut
|9 960405
|
| 245 |
1 |
0 |
|a Kamzíky v Národnom parku Nízke Tatry
|c Vojtech Zelina
|
| 300 |
|
|
|b Obr. 1.
|
| 650 |
0 |
7 |
|a kamzík vrchovský tatranský
|2 snkbucl
|9 29397
|
| 651 |
|
7 |
|a Nízke Tatry (Slovensko : pohorie)
|2 snkbucl
|9 173011
|
| 655 |
|
7 |
|a články z novín a časopisov
|2 snkbucl
|9 267496
|
| 773 |
0 |
|
|t Poľovníctvo a rybárstvo
|g Roč. 37, č. 7 (1985), s. 17-18
|
| 850 |
|
|
|a Slovenská národná knižnica
|
| 852 |
|
|
|a Slovenská národná knižnica
|
| 958 |
|
|
|a article27
|
| 958 |
|
|
|a OND
|
| 958 |
|
|
|a RK
|
| 992 |
|
|
|a RBX
|
| 999 |
|
|
|c 2780121
|d 2782051
|